000 00891nam a22002177a 4500
999 _c10573
_d10573
003 AR-CdUCM
008 190401b ||||| |||| 00| 0 spa d
040 _aMUNICIPALIDAD PROVINCIAL DEL CUSCO
_cBIBLIOTECA MUNICIPAL DEL CUSCO
082 _a574.07 /
_bP42 / 1941
100 _aPequeño Sanchez, Laureano
_927522
245 _aCurso de Biología General /
260 _aHabana :
_bCultural,
_c1941.
300 _a251 páginas ;
_bilustraciones, figuras,
_c23 cm.
505 _aContenido: Generalidades -- Nociones de física biológica -- Nociones de Química biológica -- Seres orgánicos nociones de Citología -- Seres pluricelulares nociones de histología ...
650 _aBiología
_9881
650 _aSeres vivos
_919244
650 _aReproducción, Sexualidad y herencia
_927523
700 _aSobrino Plasencia, Antonio (coautor)
_927524
942 _2ddc
_cLIBROS
945 _aachl